00601nam a2200205Ia 4500008004100000050001100041050001600052100002800068245007100096245002800167260003100195260001000226260001000236300001600246300002000262300001100282500005600293521002700349999001900376170504s9999 xx 000 0 und d aHD 28  b.Se486 2016 aSerneo, Jesus Miguel C. aInventory management system with point of sales for rhia's store / cJesus Miguel C. Serneo. aLas Piñas, Philippines : bSISC, c2016. a110 pages : billustrations ; c28 cm. aIncludes bibliographical references and appendices. aInformation Technology c329775d329775